LEADER 00730nam0 2200265 450 001 9910884401203321 005 20241025100251.0 010 $a9780367696399 100 $a20240910d2023----km y0itay50 ba 101 0 $aeng 102 $aUS 105 $ay 001yy 200 1 $aCase Studies in Infectious Disease$fPeter M. Lydyard ... [et al.] 205 $a2nd ed. 210 $aOxon$cCRC Press$d2023 215 $aXIII, 416 p.$d28 cm 610 0 $aMalattie tropicali 702 1$aLydyard,$bPeter M. 801 0$aIT$bUNINA$gREICAT$2UNIMARC 901 $aBK 912 $a9910884401203321 952 $a90 R 18a 81$b261/2024$fFMEBC 959 $aFMEBC 996 $aCase Studies in Infectious Disease$94211035 997 $aUNINA